Mechanical behavior of engineering materials (Record no. 22120)

000 -LEADER
fixed length control field 00506nam a22001931 4500
001 - CONTROL NUMBER
control field 22120
003 - CONTROL NUMBER IDENTIFIER
control field BD-DhUET
008 - FIXED-LENGTH DATA ELEMENTS--GENERAL INFORMATION
fixed length control field 800331s1962 paua b s000 0 eng
040 ## - CATALOGING SOURCE
Original cataloging agency DLC
Transcribing agency TxCM
Modifying agency BD-DhUET
082 ## - DEWEY DECIMAL CLASSIFICATION NUMBER
Classification number 620.1
Item number MAR/1963
100 ## - MAIN ENTRY--PERSONAL NAME
Personal name Marin, Joseph
245 10 - TITLE STATEMENT
Title Mechanical behavior of engineering materials
250 ## - EDITION STATEMENT
Edition statement 1st ed.
260 ## - PUBLICATION, DISTRIBUTION, ETC. (IMPRINT)
Place of publication, distribution, etc. New Jersey
Name of publisher, distributor, etc. Prentice-Hall
Date of publication, distribution, etc. 1963
300 ## - PHYSICAL DESCRIPTION
Extent x, 502 p.
Other physical details ill.
504 ## - BIBLIOGRAPHY, ETC. NOTE
Bibliography, etc Includes bibliographies
650 #0 - SUBJECT ADDED ENTRY--TOPICAL TERM
Topical term or geographic name as entry element Applied mechanics
942 ## - ADDED ENTRY ELEMENTS (KOHA)
Koha item type General Book
Holdings
Koha normalized classification for sorting Price effective from Withdrawn status Shelving location Lost status Koha date last seen Copy number Sublocation or collection (holding branch) Koha date last borrowed Koha issues (times borrowed) Koha full call number Piece designation (barcode) Date acquired Koha item type Source of classification or shelving scheme Koha out on loan Location (home branch) Damaged status Not for loan
620_100000000000000_MAR_19632015-04-23 Circulation section 2015-04-231Central Library, BUET  620.1/MAR/1963210072015-04-23General Book  Central Library, BUET  
620_100000000000000_MAR_19632015-04-23 Circulation section 2022-07-032Central Library, BUET2022-07-031620.1/MAR/196315712015-04-23General Book 2023-07-03Central Library, BUET  
620_100000000000000_MAR_19632015-04-25 Circulation section 2015-04-253Central Library, BUET  620.1/MAR/196315702015-04-25General Book  Central Library, BUET  
620_100000000000000_MAR_19632015-04-30 Circulation section 2015-04-304Central Library, BUET  620.1/MAR/1963257322015-04-30General Book  Central Library, BUET  
620_100000000000000_MAR_19632015-08-23 Circulation section 2015-08-235Central Library, BUET  620.1/MAR/1963176592015-08-23General Book  Central Library, BUET